Pokémon Letter "T" for each type - Statistics

General Stats
  • This quiz has been taken 14 times
  • The average score is 13 of 17
Answer Stats
Type Pokémon % Correct
Flying Taillow|Talonflame|Thundurus|Togekiss|Togetic|Tornadus|Toucannon|Tranquill| Tropius|Trumbeak
100%
Normal Taillow|Tandemaus|Tauros|Teddiursa|Terapagos|Toucannon|Tranquill|Trumbeak| Type Null
100%
Water Tapu Fini|Tatsugiri|Tentacool|Tentacruel|Tirtouga|Totodile|Toxapex|Tympole
100%
Electric Tadbulb|Tapu Koko|Thundurus|Togedemaru|Toxel|Toxtricity|Tynamo
92%
Grass Tangela|Tangrowth|Tapu Bulu|Thwackey|Toedscool|Toedscruel|Torterra|Treecko| Trevenant|Tropius|Tsareena|Turtwig
92%
Poison Tentacool|Tentacruel|Toxapex|Toxel|Toxicroak|Toxtricity|Trubbish
92%
Fairy Tapu Bulu|Tapu Fini|Tapu Koko|Tapu Lele|Tinkatink|Tinkaton|Tinkatuff|Togekiss|Togepi| Togetic
83%
Fighting Terrakion|Throh|Timburr|Toxicroak|Tyrogue
83%
Fire Talonflame|Tepig|Torchic|Torkoal|Torracat|Turtonator|Typhlosion
75%
Rock Terrakion|Tirtouga|Tyranitar|Tyrantrum|Tyrunt
75%
Dark Thievul|Ting-Lu|Tyranitar
67%
Steel Tinkatink|Tinkaton|Tinkatuff|Togedemaru
67%
Psychic Tapu Lele
58%
Dragon Tatsugiri|Turtonator|Tyrantrum|Tyrunt
58%
Ground Ting-Lu|Toesdcool|Toedscruel|Torterra|Trapinch
58%
Ghost Trevenant
58%
Bug Tarountula
33%
No matching quizzes found
Score Distribution
Percent of People with Each Score
Percentile by Number Answered
Your Score History
You have not taken this quiz